[Event "ROM-chT U20 Girls"]
[Site "Mamaia"]
[Date "2012.09.06"]
[Round "4"]
[White "Kevorchian, Andreea Gabriela"]
[Black "Sevastian, Ana Denisse"]
[Result "1/2-1/2"]
[WhiteElo "1561"]
[BlackElo "1755"]
[PlyCount "95"]
[EventDate "2012.09.03"]
[EventType "team-swiss"]
[EventRounds "5"]
[EventCountry "ROU"]
[SourceTitle "CBM 150 Extra"]
[Source "ChessBase"]
[SourceDate "2012.10.19"]
[SourceVersion "1"]
[SourceVersionDate "2012.10.19"]
[SourceQuality "1"]

1. c4 Nf6 2. g3 e6 3. Bg2 c5 4. e3 Nc6 5. Ne2 Be7 6. d4 cxd4 7. Nxd4 d5 8. cxd5 Nxd4 9. Qxd4 exd5 10. Nc3 Be6 11. 0-0 Qa5 12. Rd1 Rd8 13. Bd2 Qc5 14. Be1 Qxd4 15. Rxd4 Bc5 16. Rd2 Rd7 17. Rad1 Bg4 18. Rc1 Bb4 19. Rd4 Bxc3 20. Bxc3 0-0 21. Ra4 Rc8 22. Rxa7 Be6 23. Rd1 h6 24. a3 Kh7 25. Ra5 Ne4 26. Bxe4+ dxe4 27. Rxd7 Bxd7 28. Re5 Bc6 29. Re7 Kg8 30. Kf1 Kf8 31. Re5 f6 32. Ra5 Rd8 33. Ke2 Ke8 34. h4 Kd7 35. g4 Kc8 36. g5 hxg5 37. hxg5 b6 38. Rf5 Bd7 39. Rf4 b5 40. Ke1 Bc6 41. gxf6 gxf6 42. Rxf6 Kb7 43. Bd4 Rg8 44. Kd2 Rg1 45. Kc2 Rg5 46. Kc3 Rg1 47. Kc2 Rg5 48. Kc3 1/2-1/2